Benefity zamestnancov z hľadiska daňových a účtovných predpisov

Benefity, ktoré zamestnávatelia poskytujú svojim zamestnancom z daňového a účtovného hľadiska - osobné ochranné pracovné prostriedky, lekárske preventívne prehliadky, príspevky na rekreáciu, atď.

Na minha lista:
Detalhes bibliográficos
Autor principal: Adamíková, Monika
Outros Autores: Brnová, Miroslava
Formato: Capítulo de Livro
Idioma:eslovaco
Assuntos:
Tags: Adicionar Tag
Sem tags, seja o primeiro a adicionar uma tag!

MARC

LEADER 00000naa a2200000 4500
001 0303658
005 20240816124021.4
041 0 |a slo 
044 |a SK 
245 1 0 |a Benefity zamestnancov z hľadiska daňových a účtovných predpisov  |c Monika Adamíková, Miroslava Brnová 
520 |a Benefity, ktoré zamestnávatelia poskytujú svojim zamestnancom z daňového a účtovného hľadiska - osobné ochranné pracovné prostriedky, lekárske preventívne prehliadky, príspevky na rekreáciu, atď. 
610 2 0 |a zamestnanci 
610 2 0 |a benefity 
610 2 0 |a predpisy daňové 
610 2 0 |a zamestnávatelia 
610 2 0 |a prostriedky pracovné 
610 2 0 |a príspevky rekreačné 
610 2 0 |a legislatíva 
100 1 |a Adamíková, Monika 
700 1 |a Brnová, Miroslava